[Event "KreisEM Mfr. Mitte"]
[Site "Nürnberg"]
[Date "2018.01.07"]
[Round "4.1"]
[White "Dippel, Jörg"]
[Black "Adelhütte, Dennis"]
[Result "0-1"]
[WhiteElo "1805"]
[BlackElo "1938"]
[PlyCount "42"]
[EventDate "2018.??.??"]
[WhiteTeam "SC Anderssen"]
[BlackTeam "SC JÄKLECHEMIE"]

1. e4 e6 2. d4 d5 3. e5 c5 4. c3 Nc6 5. Nf3 Qb6 6. a3 f6 7. b4 cxd4 8. cxd4
fxe5 9. dxe5 Nh6 10. b5 Ng4 11. Qe2 Na5 12. h3 Nb3 13. Bb2 Nxa1 14. hxg4 Nb3
15. Qc2 Nc5 16. Rxh7 Rxh7 17. Qg6+ Kd8 18. Qxh7 Ne4 19. Bd4 Qa5+ 20. Nbd2 Bd7
21. Be3 Rc8 0-1

[Event "KreisEM Mfr. Mitte"]
[Site "Nürnberg"]
[Date "2018.01.07"]
[Round "4.2"]
[White "Leis, Stefan"]
[Black "Wagner, Alexander"]
[Result "0-1"]
[WhiteElo "1967"]
[BlackElo "1695"]
[PlyCount "116"]
[EventDate "2018.??.??"]
[WhiteTeam "SC Mühlhof-Reichelsdorf"]
[BlackTeam "SW Nürnberg Süd"]

1. g3 e5 2. c4 Nf6 3. Bg2 d5 4. cxd5 Nxd5 5. Nc3 Be6 6. Nf3 Nc6 7. d4 exd4 8.
Nxd4 Nxd4 9. Qxd4 Nb4 10. Qe4 Bc5 11. O-O O-O 12. a3 Nc6 13. e3 Bb3 14. Qf5 Bb6
15. Nd5 Na5 16. Bd2 c6 17. Nxb6 axb6 18. Bc3 Nc4 19. Qg4 f6 20. Rad1 Qe8 21.
Rd4 b5 22. h4 Ne5 23. Qh3 Be6 24. Qh1 Bg4 25. f3 Be6 26. h5 h6 27. Qh4 Bc4 28.
Rfd1 Be2 29. Kf2 Bxd1 30. Rxd1 Ra4 31. f4 Qe6 32. e4 Ng4+ 33. Kg1 Ne3 34. Bh3
Qxe4 35. Re1 Re8 36. Re2 Qf3 37. Rf2 Qd1+ 38. Kh2 Nd5 39. Bg4 Qd3 40. Rd2 Qf1
41. Qh3 Qxh3+ 42. Kxh3 Nxc3 43. bxc3 Rxa3 44. Rd7 Rxc3 45. Rxb7 Ree3 46. Bf5
Rxg3+ 47. Kh4 Rgf3 48. Kg4 Rg3+ 49. Kh4 Kf8 50. Bg6 Rxg6 51. hxg6 Re3 52. Rf7+
Kg8 53. Rc7 Re8 54. Rxc6 Rb8 55. f5 b4 56. Kh5 b3 57. Rc4 b2 58. Rb4 b1=Q 0-1

[Event "KreisEM Mfr. Mitte"]
[Site "Nürnberg"]
[Date "2018.01.07"]
[Round "4.3"]
[White "Bauer, Karlheinz"]
[Black "Rummel, Gerald"]
[Result "0-1"]
[WhiteElo "2120"]
[BlackElo "1776"]
[PlyCount "53"]
[EventDate "2018.??.??"]
[WhiteTeam "SC Noris-Tarrasch Nürnberg"]
[BlackTeam "SC Anderssen"]

1. e4 e6 2. d4 d5 3. Nc3 Bb4 4. e5 c5 5. a3 Bxc3+ 6. bxc3 Ne7 7. a4 Qa5 8. Qd2
Nbc6 9. Nf3 O-O 10. Bd3 f5 11. O-O Bd7 12. Ba3 c4 13. Rfb1 cxd3 14. Rxb7 Qd8
15. Qg5 h6 16. Qd2 Bc8 17. Rb5 Ba6 18. cxd3 Bxb5 19. axb5 Nb8 20. c4 a6 21. Bd6
Rf7 22. c5 Nd7 23. bxa6 Nb8 24. Rb1 Nec6 25. h3 Rxa6 26. Qb2 Ra8 27. Nh4 0-1

[Event "KreisEM Mfr. Mitte"]
[Site "Nürnberg"]
[Date "2018.01.07"]
[Round "4.4"]
[White "Paul, Arthur"]
[Black "Meulner, Klaus"]
[Result "1/2-1/2"]
[WhiteElo "1432"]
[BlackElo "2128"]
[PlyCount "139"]
[EventDate "2018.??.??"]
[WhiteTeam "SW Nürnberg Süd"]
[BlackTeam "SW Nürnberg Süd"]

1. e4 g6 2. d4 Bg7 3. Nf3 d6 4. Bc4 c6 5. c3 d5 6. exd5 cxd5 7. Bd3 Nc6 8. Bf4
Nf6 9. Nbd2 Nh5 10. Bg3 O-O 11. O-O Nxg3 12. hxg3 a6 13. a4 Bg4 14. Qb3 Rb8 15.
Rfe1 Re8 16. Ne5 Nxe5 17. dxe5 Be6 18. Qc2 Qc7 19. Nf3 Bg4 20. Qe2 Bh6 21. Qc2
Bg7 22. Qe2 Qc5 23. Qe3 Qxe3 24. Rxe3 Bd7 25. Nd4 e6 26. c4 dxc4 27. Bxc4 Rbc8
28. b3 Red8 29. Ne2 b5 30. axb5 axb5 31. Bd3 Be8 32. Ra6 Rd5 33. f4 Bf8 34. Kh2
Bc5 35. Rf3 Rcd8 36. Be4 Rd2 37. Nc3 Rb2 38. Na2 Rdd2 39. Rc3 Bf8 40. Nc1 b4
41. Rc8 Bd7 42. Rb8 Kg7 43. Raa8 Be7 44. Rg8+ Kh6 45. g4 Bb5 46. Kg3 Bf1 47.
g5+ Bxg5 48. fxg5+ Kxg5 49. Rgd8 h5 50. Rxd2 Rxd2 51. Ra2 h4+ 52. Kh3 Rd4 53.
Bf3 Kf4 54. Rf2 Bb5 55. Be2+ Ke3 56. Rf3+ Kd2 57. Bxb5 Kxc1 58. Rxf7 Rd5 59.
Bc4 Rxe5 60. Kxh4 Kd2 61. Rf6 Re4+ 62. g4 e5 63. Rxg6 Rxc4 64. Rd6+ Rd4 65.
Rxd4+ exd4 66. g5 Kc2 67. g6 d3 68. g7 d2 69. g8=Q d1=Q 70. Qc4+ 1/2-1/2

[Event "KreisEM Mfr. Mitte"]
[Site "Nürnberg"]
[Date "2018.01.07"]
[Round "4.5"]
[White "Erlbeck, Peter"]
[Black "Walch, Roger"]
[Result "1-0"]
[WhiteElo "2094"]
[BlackElo "1701"]
[PlyCount "47"]
[EventDate "2018.??.??"]
[WhiteTeam "SW Nürnberg Süd"]
[BlackTeam "SW Nürnberg Süd"]

1. f4 d5 2. b3 Nf6 3. Bb2 Nbd7 4. Nf3 e6 5. e3 a6 6. Be2 Be7 7. O-O O-O 8. Kh1
b5 9. Qe1 g6 10. d3 c5 11. Nbd2 Ng4 12. Bd1 Bf6 13. d4 cxd4 14. Nxd4 h5 15.
Bxg4 hxg4 16. Qg3 Qb6 17. Qxg4 Bg7 18. N2f3 Nf6 19. Qh4 Ng4 20. Qxg4 e5 21. Qh4
exd4 22. Ng5 Re8 23. Qh7+ Kf8 24. Bxd4 1-0

[Event "KreisEM Mfr. Mitte"]
[Site "Nürnberg"]
[Date "2018.01.07"]
[Round "4.6"]
[White "Schöne, Steffen"]
[Black "Mantel, Ruben"]
[Result "0-1"]
[WhiteElo "1895"]
[BlackElo "2013"]
[PlyCount "85"]
[EventDate "2018.??.??"]
[WhiteTeam "Zabo-Eintracht Nürnberg"]
[BlackTeam "SC Noris-Tarrasch Nürnberg"]

1. d4 d5 2. e4 e6 3. e5 c5 4. c3 Nc6 5. Nf3 Qb6 6. a3 c4 7. Be2 Bd7 8. O-O Na5
9. Nbd2 Nb3 10. Nxb3 Ba4 11. Nfd2 Ne7 12. Qe1 Bxb3 13. Nxb3 Qxb3 14. Bd1 Qb6
15. b4 cxb3 16. Rb1 Nc6 17. Rxb3 Qc7 18. Be2 Be7 19. f4 g6 20. g4 h5 21. gxh5
O-O-O 22. Kh1 Na5 23. Rb1 Nc4 24. Qd1 Qc6 25. a4 Rdg8 26. Qc2 Kb8 27. Rg1 Ba3
28. Bxc4 dxc4+ 29. Qg2 Qxg2+ 30. Rxg2 Bxc1 31. Rxc1 Rxh5 32. Rb1 Rh3 33. Rgb2
Rxc3 34. Rxb7+ Ka8 35. R1b2 Rc8 36. Rxf7 Rb3 37. Rc2 c3 38. d5 Rb1+ 39. Kg2 Rb2
40. dxe6 Rxc2+ 41. Kf3 Rb2 42. e7 c2 43. Rf8 0-1

[Event "KreisEM Mfr. Mitte"]
[Site "Nürnberg"]
[Date "2018.01.07"]
[Round "4.7"]
[White "Meyer, Robert"]
[Black "Rhein, Thomas"]
[Result "0-1"]
[WhiteElo "1729"]
[BlackElo "1830"]
[PlyCount "110"]
[EventDate "2018.??.??"]
[WhiteTeam "SC Stein"]
[BlackTeam "SW Nürnberg Süd"]

1. Nf3 b6 2. d4 Nf6 3. e3 Bb7 4. c4 e6 5. Nc3 Bb4 6. a3 Bxc3+ 7. bxc3 O-O 8.
Be2 Ne4 9. Bb2 d6 10. O-O Nc6 11. Qc2 Ne7 12. Bd3 f5 13. Nd2 Nxd2 14. Qxd2 Ng6
15. f4 Nh4 16. Rf2 g5 17. Bf1 Be4 18. Bd3 d5 19. Qe2 Bxd3 20. Qxd3 g4 21. cxd5
exd5 22. c4 c6 23. Rc1 Qd7 24. cxd5 cxd5 25. Rfc2 Rac8 26. Bc3 Ng6 27. Bb4 Rfe8
28. Rxc8 Rxc8 29. Rxc8+ Qxc8 30. Kf2 Kf7 31. Qc3 Qxc3 32. Bxc3 b5 33. Bb4 Ke6
34. Bc5 a6 35. g3 Kd7 36. Ke2 Kc6 37. Kd3 a5 38. Kc3 h5 39. Kd3 h4 40. Kd2 hxg3
41. hxg3 Nh8 42. Kc2 Nf7 43. Be7 Nd6 44. Bxd6 Kxd6 45. Kb3 Kc6 46. a4 bxa4+ 47.
Kxa4 Kb6 48. Ka3 Kb5 49. Kb3 a4+ 50. Ka3 Ka5 51. Ka2 Kb4 52. Kb2 Kc4 53. Ka3
Kd3 54. Kxa4 Kxe3 55. Kb3 Kxd4 0-1

[Event "KreisEM Mfr. Mitte"]
[Site "Nürnberg"]
[Date "2018.01.07"]
[Round "4.8"]
[White "Rausch, Wolfgang sr"]
[Black "Babichev, Vyacheslav"]
[Result "0-1"]
[WhiteElo "1880"]
[BlackElo "1831"]
[PlyCount "162"]
[EventDate "2018.??.??"]
[WhiteTeam "SW Nürnberg Süd"]
[BlackTeam "SW Nürnberg Süd"]

1. Nf3 Nf6 2. c4 g6 3. Nc3 Bg7 4. e4 d6 5. d4 O-O 6. Be2 Nc6 7. d5 Nb8 8. Be3
Ng4 9. Bd4 f6 10. O-O c5 11. dxc6 Nxc6 12. h3 Nxd4 13. Nxd4 Nh6 14. Rc1 Nf7 15.
Qd2 Bh6 16. f4 e5 17. Nc2 Bxf4 18. Ne3 Be6 19. b3 Qb6 20. Ncd1 Ng5 21. Qd3 Qc6
22. Bf3 Kg7 23. Rc2 Qb6 24. Rd2 Nf7 25. Qe2 h5 26. Rd3 a5 27. Nc3 Rfd8 28. Kh1
Bg5 29. Ned5 Bxd5 30. Nxd5 Qc5 31. a4 Rd7 32. Qe1 Nd8 33. h4 Bh6 34. g4 hxg4
35. Bxg4 Rf7 36. Rdf3 Bf4 37. Nxf4 exf4 38. Rxf4 Qe5 39. Qe3 Nc6 40. h5 Rh8 41.
Kg2 gxh5 42. Bd1 Kf8 43. Rf5 Qb2+ 44. R1f2 Qa1 45. Qd2 Rg8+ 46. Kh2 Ke7 47. Rf1
Rfg7 48. Rxh5 Rg2+ 49. Qxg2 Rxg2+ 50. Kxg2 Qb2+ 51. Kh1 Qd4 52. Rh7+ Ke6 53.
Rxb7 Ne5 54. Rb5 Qxe4+ 55. Kg1 Qd4+ 56. Kh1 Qd2 57. Rd5 Qh6+ 58. Kg1 Qg5+ 59.
Kf2 Qf4+ 60. Ke2 Qg4+ 61. Kf2 Qf4+ 62. Ke2 Qe4+ 63. Kf2 Nd3+ 64. Kg3 Qg6+ 65.
Bg4+ Ke7 66. Kh4 Qh6+ 67. Kg3 Qe3+ 68. Bf3 Ne5 69. Rb5 Qd3 70. Kg2 Qd2+ 71. Kg1
f5 72. Rf2 Qe1+ 73. Kg2 Qc3 74. Bd5 Kf6 75. Rb6 Ng4 76. Rxd6+ Kg5 77. Rf3 Qd2+
78. Kg1 Qh2+ 79. Kf1 Qxd6 80. Kg1 Qh2+ 81. Kf1 Qd2 0-1

[Event "KreisEM Mfr. Mitte"]
[Site "Nürnberg"]
[Date "2018.01.07"]
[Round "4.9"]
[White "Diebel, Günter"]
[Black "Pörzgen, Michael"]
[Result "1/2-1/2"]
[WhiteElo "1786"]
[BlackElo "1729"]
[PlyCount "46"]
[EventDate "2018.??.??"]
[WhiteTeam "SW Nürnberg Süd"]
[BlackTeam "SW Nürnberg Süd"]

1. e4 d5 2. exd5 Qxd5 3. Nc3 Qa5 4. d4 c6 5. Bd2 Bf5 6. Nf3 Nf6 7. Bc4 e6 8.
O-O Bb4 9. Re1 O-O 10. a3 Bxc3 11. Bxc3 Qd8 12. Nh4 Bg4 13. Nf3 Nbd7 14. h3 Bh5
15. Be2 Qc7 16. Ne5 Bxe2 17. Qxe2 Rad8 18. Rad1 Nxe5 19. dxe5 Nd5 20. Bd2 Ne7
21. Bg5 h6 22. Bh4 Rxd1 23. Rxd1 Nf5 1/2-1/2

[Event "KreisEM Mfr. Mitte"]
[Site "Nürnberg"]
[Date "2018.01.07"]
[Round "4.11"]
[White "Dreiseitel, Werner"]
[Black "Dyroff, Roland"]
[Result "1/2-1/2"]
[WhiteElo "1571"]
[BlackElo "1814"]
[PlyCount "27"]
[EventDate "2018.??.??"]
[WhiteTeam "SW Nürnberg Süd"]
[BlackTeam "SW Nürnberg Süd"]

1. d4 d5 2. c4 c6 3. Nc3 Nf6 4. Nf3 g6 5. e3 Bg7 6. cxd5 Nxd5 7. Qc2 O-O 8.
Nxd5 Qxd5 9. Bd3 Bg4 10. Bc4 Qd8 11. Be2 Nd7 12. Bd2 Nf6 13. h3 Bf5 14. Qb3
1/2-1/2

[Event "KreisEM Mfr. Mitte"]
[Site "Nürnberg"]
[Date "2018.01.07"]
[Round "4.12"]
[White "Merdian, Nick"]
[Black "Süß, Helmut"]
[Result "1/2-1/2"]
[WhiteElo "1296"]
[BlackElo "1912"]
[PlyCount "77"]
[EventDate "2018.??.??"]
[WhiteTeam "SC Postbauer-Heng"]
[BlackTeam "SC Noris-Tarrasch Nürnberg"]

1. d4 Nf6 2. c4 e6 3. Nc3 Bb4 4. Bd2 O-O 5. a3 Bxc3 6. Bxc3 d5 7. e3 b6 8. Bd3
Bb7 9. cxd5 Bxd5 10. Nf3 Nbd7 11. O-O Ne4 12. Qc2 Ndf6 13. Bb4 c5 14. dxc5 a5
15. Bc3 Nxc3 16. Qxc3 bxc5 17. Nd2 Qe7 18. Nc4 Bxc4 19. Qxc4 Rab8 20. Rab1 Rfd8
21. Rfd1 Rd5 22. Rd2 Rbd8 23. Rbd1 g6 24. h3 e5 25. e4 Rd4 26. Qc2 Nh5 27. Be2
Nf4 28. Rxd4 Rxd4 29. Rxd4 Nxe2+ 30. Qxe2 cxd4 31. Qd2 Qc5 32. Kf1 Qc4+ 33. Ke1
d3 34. Qc3 Qxe4+ 35. Kd1 Qe2+ 36. Kc1 e4 37. Qc8+ Kg7 38. Qc3+ f6 39. Qc7+
1/2-1/2

[Event "KreisEM Mfr. Mitte"]
[Site "Nürnberg"]
[Date "2018.01.07"]
[Round "4.13"]
[White "Hahn, Thomas"]
[Black "Belich, Max"]
[Result "1-0"]
[WhiteElo "1674"]
[BlackElo "1575"]
[PlyCount "109"]
[EventDate "2018.??.??"]
[WhiteTeam "Zabo-Eintracht Nürnberg"]
[BlackTeam "SW Nürnberg Süd"]

1. e4 c5 2. Nf3 Nc6 3. d4 cxd4 4. Nxd4 e5 5. Nb5 d6 6. N1c3 a6 7. Na3 Nf6 8.
Bg5 Be7 9. f3 b5 10. Bxf6 Bxf6 11. Nd5 Bg5 12. Be2 O-O 13. O-O Be6 14. c3 Rc8
15. Nc2 Bxd5 16. Qxd5 Qb6+ 17. Kh1 Qc5 18. Rfd1 Rfd8 19. a4 Qxd5 20. Rxd5 Ne7
21. Rdd1 Rc5 22. axb5 axb5 23. Nb4 d5 24. Nd3 Rc7 25. Nxe5 Bf6 26. Ng4 Bg5 27.
exd5 Nxd5 28. Bxb5 h5 29. Nf2 Rb7 30. Bc6 Rxb2 31. Ne4 Ne3 32. Rxd8+ Bxd8 33.
g3 Bc7 34. Re1 Bb6 35. Nd6 Rc2 36. c4 g6 37. Bd5 Nxd5 38. cxd5 Bc7 39. Ne8 Bd8
40. Nd6 Kg7 41. Rd1 h4 42. Nb7 Rc8 43. Nxd8 Rxd8 44. gxh4 Kf6 45. Kg2 Rd6 46.
f4 Kf5 47. Kg3 Kf6 48. Kg4 Kg7 49. h5 gxh5+ 50. Kxh5 Rh6+ 51. Kg4 Rxh2 52. d6
Rh8 53. d7 Rd8 54. Kf5 Kf8 55. Kf6 1-0

[Event "KreisEM Mfr. Mitte"]
[Site "Nürnberg"]
[Date "2018.01.07"]
[Round "4.14"]
[White "Müller, Ludwig"]
[Black "Wettermann, Bernd"]
[Result "1-0"]
[WhiteElo "1781"]
[BlackElo "1761"]
[PlyCount "75"]
[EventDate "2018.??.??"]
[WhiteTeam "SGem Nürnberg"]
[BlackTeam "Zabo-Eintracht Nürnberg"]

1. Nf3 Nf6 2. c4 c5 3. Nc3 g6 4. g3 Bg7 5. Bg2 O-O 6. O-O d6 7. d3 Nbd7 8. Qc2
Rb8 9. Rb1 a6 10. a3 b6 11. b3 Bb7 12. e4 Ng4 13. h3 Nge5 14. Nxe5 Nxe5 15. Ne2
Qd7 16. Bb2 f6 17. f4 Nc6 18. Bc3 a5 19. g4 e5 20. f5 h5 21. gxh5 gxf5 22. Rxf5
Ne7 23. Rf3 f5 24. Rbf1 f4 25. Nxf4 Rxf4 26. Rxf4 exf4 27. Bxg7 Kxg7 28. Qb2+
Kh7 29. Rxf4 Ng8 30. Qf2 Re8 31. Rf7+ Kh8 32. Rxd7 Bc8 33. Rxd6 Re7 34. Qf8 Be6
35. Rxb6 Rf7 36. Qb8 Bd7 37. Rh6+ Rh7 38. Qe5+ 1-0

[Event "KreisEM Mfr. Mitte"]
[Site "Nürnberg"]
[Date "2018.01.07"]
[Round "4.15"]
[White "Scheitler, Wolfgang"]
[Black "Mantel, Hubert"]
[Result "1/2-1/2"]
[WhiteElo "1504"]
[BlackElo "1744"]
[PlyCount "50"]
[EventDate "2018.??.??"]
[WhiteTeam "SW Nürnberg Süd"]
[BlackTeam "SC Noris-Tarrasch Nürnberg"]

1. d4 e6 2. c4 d5 3. Nc3 f5 4. Nf3 c6 5. Bf4 Nf6 6. e3 Be7 7. Be2 Ne4 8. O-O
O-O 9. Ne5 Nd7 10. f3 Nd6 11. c5 Nf7 12. Nxf7 Rxf7 13. Bg3 e5 14. b4 f4 15.
exf4 exf4 16. Bf2 Nf8 17. Bd3 Bh4 18. Bxh4 Qxh4 19. Qe1 Qg5 20. Qf2 Bf5 21.
Bxf5 Qxf5 22. Rfe1 Ne6 23. Re5 Qd3 24. Rxe6 Qxc3 25. Rb1 a6 1/2-1/2

[Event "KreisEM Mfr. Mitte"]
[Site "Nürnberg"]
[Date "2018.01.07"]
[Round "4.16"]
[White "Weißmann, Peter"]
[Black "Lingl, Peter"]
[Result "1-0"]
[WhiteElo "1731"]
[BlackElo "1654"]
[PlyCount "71"]
[EventDate "2018.??.??"]
[WhiteTeam "SK Zirndorf"]
[BlackTeam "SC JÄKLECHEMIE"]

1. e4 e5 2. f4 exf4 3. Bc4 g5 4. d4 Bg7 5. Nf3 d6 6. c3 Nc6 7. O-O Bg4 8. Qb3
Qd7 9. Nxg5 Na5 10. Bxf7+ Ke7 11. Qd5 h6 12. Bxg8 Rf8 13. Be6 Bxe6 14. Qxe6+
Qxe6 15. Nxe6 Kxe6 16. Rxf4 Nc4 17. Rxf8 Rxf8 18. b3 Nb6 19. Be3 Nd7 20. Nd2 c5
21. Rf1 Rc8 22. d5+ Ke7 23. c4 Bc3 24. Bxh6 Bd4+ 25. Kh1 Rh8 26. Bg5+ Ke8 27.
Bf4 Ke7 28. Rf3 Nf8 29. Bg5+ Kd7 30. Rf7+ Kc8 31. Bf6 Bxf6 32. Rxf6 Kc7 33. Nf3
Rg8 34. e5 dxe5 35. Nxe5 a6 36. h3 1-0

[Event "KreisEM Mfr. Mitte"]
[Site "Nürnberg"]
[Date "2018.01.07"]
[Round "4.17"]
[White "Klinger, Klaus"]
[Black "Albayrak, Aylin"]
[Result "1-0"]
[WhiteElo "1411"]
[BlackElo "1682"]
[PlyCount "47"]
[EventDate "2018.??.??"]
[WhiteTeam "Zabo-Eintracht Nürnberg"]
[BlackTeam "Zabo-Eintracht Nürnberg"]

1. d4 d5 2. Nf3 e6 3. Bf4 c5 4. c3 Nc6 5. h3 Nf6 6. e3 Bd7 7. Bd3 cxd4 8. cxd4
Nb4 9. Be2 Rc8 10. Nc3 Ne4 11. Qb3 Qa5 12. O-O Nxc3 13. bxc3 Ba4 14. cxb4 Bxb4
15. Qd3 O-O 16. a3 Rc3 17. axb4 Qxb4 18. Rxa4 Qxa4 19. Qxc3 a6 20. Rb1 Qd7 21.
Rb6 h6 22. Qb3 g5 23. Rxb7 Qc8 24. Bc7 1-0

[Event "KreisEM Mfr. Mitte"]
[Site "Nürnberg"]
[Date "2018.01.07"]
[Round "4.18"]
[White "Dietrich, Thomas"]
[Black "Hauck, Martin"]
[Result "1-0"]
[WhiteElo "1596"]
[BlackElo "1440"]
[PlyCount "53"]
[EventDate "2018.??.??"]
[WhiteTeam "SC Anderssen"]
[BlackTeam "SC Noris-Tarrasch Nürnberg"]

1. e4 e5 2. Nf3 d5 3. d4 dxe4 4. Nxe5 Nf6 5. Bc4 Be6 6. Bxe6 fxe6 7. Qe2 Bb4+
8. c3 O-O 9. Qc4 Bd6 10. Qxe6+ Kh8 11. Nf7+ Rxf7 12. Qxf7 Ng4 13. Bg5 Qc8 14.
h3 Nc6 15. hxg4 Qxg4 16. Qh5 Qf5 17. g4 Qxf2+ 18. Kxf2 Rf8+ 19. Ke2 Kg8 20. Nd2
e3 21. Qxh7+ Kf7 22. Raf1+ Ke6 23. d5+ Kxd5 24. Qe4+ Kc5 25. Bxe3+ Kb5 26. Qc4+
Ka5 27. Nb3# 1-0

[Event "KreisEM Mfr. Mitte"]
[Site "Nürnberg"]
[Date "2018.01.07"]
[Round "4.19"]
[White "Barnowski, Roman"]
[Black "Berg, Winfried"]
[Result "0-1"]
[WhiteElo "1399"]
[BlackElo "1578"]
[PlyCount "68"]
[EventDate "2018.??.??"]
[WhiteTeam "SW Nürnberg Süd"]
[BlackTeam "SW Nürnberg Süd"]

1. Nf3 Nf6 2. c4 e6 3. g3 d5 4. b3 c5 5. Bg2 Nc6 6. Bb2 d4 7. O-O Rb8 8. d3 Be7
9. Na3 O-O 10. Nc2 Re8 11. a3 e5 12. e3 Bf5 13. Nh4 Be6 14. e4 Nd7 15. Nf3 b5
16. Nd2 bxc4 17. dxc4 Na5 18. Bc1 Nxb3 19. Rb1 Nxd2 20. Bxd2 Bxc4 21. Re1 Qc7
22. Qg4 Be6 23. Qd1 Rxb1 24. Qxb1 Rb8 25. Qc1 Rb3 26. f4 Qb6 27. Na1 Rb2 28. f5
Ba2 29. Bf1 Rb1 30. Qc2 Qb2 31. Qa4 Rxe1 32. Bxe1 Nf8 33. Qd1 c4 34. Nc2 Bb3
0-1

[Event "KreisEM Mfr. Mitte"]
[Site "Nürnberg"]
[Date "2018.01.07"]
[Round "4.20"]
[White "Albayrak, Nese Pinar"]
[Black "Duong, Ba Duc"]
[Result "0-1"]
[WhiteElo "1370"]
[BlackElo "1559"]
[PlyCount "120"]
[EventDate "2018.??.??"]
[WhiteTeam "Zabo-Eintracht Nürnberg"]
[BlackTeam "SK Nürnberg"]

1. e4 e6 2. d4 d5 3. Nd2 c5 4. c3 cxd4 5. cxd4 dxe4 6. Nxe4 b6 7. Bb5+ Bd7 8.
Bxd7+ Qxd7 9. a3 Nc6 10. Nf3 Rd8 11. Be3 g6 12. Qd2 Bg7 13. Rd1 Nge7 14. O-O
O-O 15. Bh6 Nf5 16. Bxg7 Kxg7 17. d5 exd5 18. Nfg5 h6 19. Nh7 Qe6 20. Nxf8 Kxf8
21. Ng3 Kg7 22. Rfe1 Qf6 23. Nxf5+ Qxf5 24. Qc3+ Qf6 25. Qxf6+ Kxf6 26. h4 d4
27. Re2 Na5 28. Red2 Ke5 29. Re1+ Kd5 30. Re7 Nc4 31. Rd1 Nxb2 32. Rb1 Nc4 33.
Rxa7 d3 34. Rd1 d2 35. Re7 Kc5 36. Re2 Kb5 37. Re4 Nxa3 38. Re5+ Kb4 39. Re3
Nc4 40. Re2 Kc3 41. Kf1 Nb2 42. Rdxd2 Rxd2 43. Re7 Nd3 44. Rxf7 Rxf2+ 45. Rxf2
Nxf2 46. Kxf2 b5 47. g4 b4 48. h5 gxh5 49. gxh5 Kc2 50. Kg3 b3 51. Kg4 b2 52.
Kf5 b1=Q 53. Kg6 Qb6+ 54. Kf5 Kd3 55. Ke5 Qf2 56. Ke6 Kd4 57. Ke7 Kd5 58. Kd8
Kd6 59. Kc8 Qb2 60. Kd8 Qb8# 0-1

[Event "KreisEM Mfr. Mitte"]
[Site "Nürnberg"]
[Date "2018.01.07"]
[Round "4.21"]
[White "Nüßlein, Christian"]
[Black "Majid, Hakim"]
[Result "0-1"]
[WhiteElo "1929"]
[BlackElo "1314"]
[PlyCount "80"]
[EventDate "2018.??.??"]
[WhiteTeam "SGem Nürnberg"]
[BlackTeam "SW Nürnberg Süd"]

1. e4 e5 2. Nf3 Nc6 3. Bb5 d6 4. d4 exd4 5. Nxd4 Bd7 6. Nxc6 bxc6 7. Bc4 Nf6 8.
Nc3 Be7 9. O-O O-O 10. Qe2 Ng4 11. h3 Ne5 12. Bb3 Qc8 13. f4 Ng6 14. f5 Ne5 15.
Bf4 Bf6 16. g4 h6 17. Rad1 Rb8 18. Qg2 c5 19. a4 Nc6 20. Nd5 Bxb2 21. Nxc7 Bd4+
22. Kh1 Qxc7 23. c3 Be5 24. Bxe5 Nxe5 25. Qa2 Bc6 26. Bd5 Bxd5 27. Rxd5 Rfd8
28. Qd2 Nc4 29. Qf4 Rb3 30. Rf3 Qa5 31. Rdd3 Qxa4 32. f6 Rb1+ 33. Kg2 Qc2+ 34.
Rf2 Qxd3 35. fxg7 Ne3+ 36. Kh2 Nf1+ 37. Kg2 Ne3+ 38. Kh2 Rd7 39. Qxh6 Nf1+ 40.
Rxf1 Rb2+ 0-1

[Event "KreisEM Mfr. Mitte"]
[Site "Nürnberg"]
[Date "2018.01.07"]
[Round "4.23"]
[White "Albayrak, Melissa"]
[Black "Hutzler, Udo"]
[Result "1-0"]
[WhiteElo "993"]
[BlackElo "1366"]
[PlyCount "37"]
[EventDate "2018.??.??"]
[WhiteTeam "Zabo-Eintracht Nürnberg"]
[BlackTeam "SK Nürnberg"]

1. e4 c6 2. d4 d5 3. f3 dxe4 4. fxe4 Nf6 5. Nc3 e6 6. a3 Be7 7. Nf3 O-O 8. e5
Nd5 9. Nxd5 exd5 10. h4 Bf5 11. Ng5 h6 12. g4 Be4 13. Nxe4 dxe4 14. g5 hxg5 15.
hxg5 Bxg5 16. Qh5 Bh6 17. Bxh6 g6 18. Qh3 Re8 19. Bg5 1-0

[Event "KreisEM Mfr. Mitte"]
[Site "Nürnberg"]
[Date "2018.01.07"]
[Round "4.24"]
[White "Walisch, Wilfried"]
[Black "Steindl, Horst"]
[Result "1-0"]
[WhiteElo "956"]
[BlackElo "1306"]
[PlyCount "57"]
[EventDate "2018.??.??"]
[WhiteTeam "SW Nürnberg Süd"]
[BlackTeam "SW Nürnberg Süd"]

1. c4 c6 2. g3 d5 3. cxd5 cxd5 4. Bg2 e6 5. d4 Nf6 6. Nc3 Bb4 7. Nf3 Ne4 8. Bd2
Nxd2 9. Qxd2 Bd6 10. O-O O-O 11. Rac1 Bd7 12. a3 Bc6 13. Rfe1 Nd7 14. b4 a6 15.
Qc2 b5 16. h4 Nb6 17. Nd2 Rc8 18. Qb1 Re8 19. e3 Nc4 20. Nxc4 dxc4 21. e4 Qf6
22. e5 Bxe5 23. dxe5 Qf5 24. Qxf5 exf5 25. Bxc6 Rxc6 26. Rcd1 Rce6 27. f4 g6
28. Nd5 Rd8 29. Nf6+ 1-0